000 00740nam a2200205 a 4500
005 20140412111248.0
008 030411s19uu xx 00 eng d
020 _a0-06-445012-0
050 _aM 551.5'54
_bB73 1985
100 _aBranley, Franklyn Mansfield, 1915-
245 _aFlash, crash, rumble, and roll /
_cFranklyn Mansfield Branley.
260 _aNew York :
_bHarperCollins Publishers,
_c1985.
300 _a31 p. ; 21 cm. ; ill.
440 _aLet's-read-and-find-out science
520 _aExplains how and why a thunderstorm occurs and gives safety steps to follow when lightning is flashing.
650 _aThunderstorm--Juvenile literature
650 _aLightning--Safety measures
650 _aSafety
999 _c103014
_d103014